The theater of His glory : (Record no. 42114)
[ view plain ]
| 000 -LEADER | |
|---|---|
| fixed length control field | 01092pam a2200289 a 4500 |
| 001 - CONTROL NUMBER | |
| control field | 2469232 |
| 005 - DATE AND TIME OF LATEST TRANSACTION | |
| control field | 20180529101009.0 |
| 008 - FIXED-LENGTH DATA ELEMENTS--GENERAL INFORMATION | |
| fixed length control field | 900928s1991 ncu b 001 0 eng |
| 010 ## - LIBRARY OF CONGRESS CONTROL NUMBER | |
| LC control number | 90020151 |
| 020 ## - INTERNATIONAL STANDARD BOOK NUMBER | |
| International Standard Book Number | 0939464519 : |
| Terms of availability | $30.00 |
| 040 ## - CATALOGING SOURCE | |
| Original cataloging agency | DLC |
| Transcribing agency | DLC |
| Modifying agency | DLC |
| 100 1# - MAIN ENTRY--PERSONAL NAME | |
| Personal name | Schreiner, Susan Elizabeth. |
| 245 14 - TITLE STATEMENT | |
| Title | The theater of His glory : |
| Remainder of title | nature and the natural order in the thought of John Calvin / |
| Statement of responsibility, etc | Susan E. Schreiner. |
| 260 ## - PUBLICATION, DISTRIBUTION, ETC. (IMPRINT) | |
| Place of publication, distribution, etc | Durham, N.C. : |
| Name of publisher, distributor, etc | Labyrinth Press, |
| Date of publication, distribution, etc | c1991. |
| 300 ## - PHYSICAL DESCRIPTION | |
| Extent | 164 p. ; |
| Dimensions | 24 cm. |
| 336 ## - CONTENT TYPE | |
| Content Type Term | text |
| 337 ## - MEDIA TYPE | |
| Media Type Term | unmediated |
| 338 ## - CARRIER TYPE | |
| Carrier Type Term | volume |
| 490 1# - SERIES STATEMENT | |
| Series statement | Studies in historical theology ; |
| Volume number/sequential designation | 3 |
| 500 ## - GENERAL NOTE | |
| General note | Revision of the author's thesis (Ph. D.)--Duke University, 1983. |
| 504 ## - BIBLIOGRAPHY, ETC. NOTE | |
| Bibliography, etc | Includes bibliographical references (p. [123]-158) and index. |
| 600 10 - SUBJECT ADDED ENTRY--PERSONAL NAME | |
| Personal name | Calvin, Jean, |
| Dates associated with a name | 1509-1564. |
| 650 #0 - SUBJECT ADDED ENTRY--TOPICAL TERM | |
| Topical term or geographic name as entry element | Nature |
| General subdivision | Religious aspects |
| -- | Reformed Church |
| -- | History of doctrines |
| Chronological subdivision | 16th century. |
| 650 #0 - SUBJECT ADDED ENTRY--TOPICAL TERM | |
| Topical term or geographic name as entry element | Reformed Church |
| General subdivision | Doctrines |
| -- | History |
| Chronological subdivision | 16th century. |
| 830 #0 - SERIES ADDED ENTRY--UNIFORM TITLE | |
| Uniform title | Studies in historical theology (Durham, N.C.) ; |
| Volume number/sequential designation | 3. |
| 942 ## - ADDED ENTRY ELEMENTS (KOHA) | |
| Source of classification or shelving scheme | Library of Congress Classification |
| Item type | Books |
| Withdrawn status | Lost status | Source of classification or shelving scheme | Damaged status | Not for loan | Home library | Current library | Shelving location | Date acquired | Source of acquisition | Inventory number | Total Checkouts | Full call number | Barcode | Date last seen | Price effective from | Koha item type |
|---|---|---|---|---|---|---|---|---|---|---|---|---|---|---|---|---|
| Library of Congress Classification | BSOP Library | BSOP Library | GC | 05/29/2018 | Donation by Drs. George and Anne Harper | 41259 | BX9418 Sch6 1991 | 00052259 | 05/29/2018 | 05/29/2018 | Books |
